<?xml version='1.0' encoding='UTF-8'?>
  <record xmlns="http://www.loc.gov/MARC21/slim">
    <leader>00000cam a22000007i 4500</leader>
    <controlfield tag="001">ocm71702281</controlfield>
    <controlfield tag="003">OCoLC</controlfield>
    <controlfield tag="005">20251123051654.2</controlfield>
    <controlfield tag="008">060413s1619    ne            000 0 dut d</controlfield>
    <datafield tag="040" ind1=" " ind2=" ">
      <subfield code="a">NLGGC</subfield>
      <subfield code="b">dut</subfield>
      <subfield code="e">fobidrtb</subfield>
      <subfield code="c">NLGGC</subfield>
    </datafield>
    <datafield tag="029" ind1="0" ind2=" ">
      <subfield code="a">NLGGC</subfield>
      <subfield code="b">292929374</subfield>
    </datafield>
    <datafield tag="029" ind1="1" ind2=" ">
      <subfield code="a">NLGGC</subfield>
      <subfield code="b">40245037X</subfield>
    </datafield>
    <datafield tag="035" ind1=" " ind2=" ">
      <subfield code="a">(OCoLC)71702281</subfield>
    </datafield>
    <datafield tag="245" ind1="0" ind2="0">
      <subfield code="a">Resolutie van de vroetschappe der stadt Utrecht, beroerende d'impositie vanden vijftichsten penninck opde goederen gaende van Utrecht op Amstelredam, mitsgaders vande goederen, comende van Amstelredam op Utrecht ende daer door passerende ende buyten de geunieerde provincien gaende, gepubliceert den 28 Julii 1619.</subfield>
    </datafield>
    <datafield tag="260" ind1=" " ind2=" ">
      <subfield code="a">Ghedruckt tot Utrecht :</subfield>
      <subfield code="b">by Salomon de Roy,</subfield>
      <subfield code="c">1619.</subfield>
    </datafield>
    <datafield tag="300" ind1=" " ind2=" ">
      <subfield code="a">? ;</subfield>
      <subfield code="c">21 cm.</subfield>
    </datafield>
    <datafield tag="336" ind1=" " ind2=" ">
      <subfield code="a">tekst</subfield>
      <subfield code="b">txt</subfield>
      <subfield code="2">rdacontent/dut</subfield>
    </datafield>
    <datafield tag="337" ind1=" " ind2=" ">
      <subfield code="a">zonder medium</subfield>
      <subfield code="b">n</subfield>
      <subfield code="2">rdamedia/dut</subfield>
    </datafield>
    <datafield tag="338" ind1=" " ind2=" ">
      <subfield code="a">band</subfield>
      <subfield code="b">nc</subfield>
      <subfield code="2">rdacarrier/dut</subfield>
    </datafield>
    <datafield tag="510" ind1="0" ind2=" ">
      <subfield code="a">Van Someren 580</subfield>
    </datafield>
    <datafield tag="776" ind1="0" ind2=" ">
      <subfield code="t">Resolutie van de vroetschappe der stadt Utrecht, beroerende d'impositie vanden vijftichsten penninck opde goederen gaende van Utrecht op Amstelredam, mitsgaders vande goederen, comende van Amstelredam op Utrecht ende daer door passerende ende buyten de geunieerde provincien gaende, gepubliceert den 28 Julii 1619</subfield>
      <subfield code="w">(NL-LeOCL)42619117X</subfield>
    </datafield>
    <datafield tag="936" ind1=" " ind2=" ">
      <subfield code="a">BATCHLOAD</subfield>
    </datafield>
  </record>